Co to za zwierzak? #1 - Statystyki

Ogólne statystyki
  • Ten quiz został rozwiązany 41 razy
  • Średni wynik to 6 z 24
Statystyki odpowiedzi
Obrazkowy Hint Odpowiedź % Poprawnych
x amerykański Urson
67%
x orientalny Kanczyl
56%
x indyjskie Zebu
56%
Tapir x Anta
33%
x orientalny Binturong
33%
Aksis x Czytal
33%
x malajski, inaczej Kaguan Lotokot
33%
x haitański, inaczej Myszoryjek Almik
22%
x brodaty Fokowąs
22%
x amerykańska Hirara
22%
x wodny Japok
22%
x okazały Liścionos
22%
rasa konia Perszeron
22%
x grzywiasty Protel
22%
inaczej Świstak stepowy Bobak
11%
x udomowiony Gajal
11%
inaczej Łasica syberyjska Kałanek
11%
x leśna Koszatka
11%
kot egipski x Mau
11%
x terrier, rasa psa Skye
11%
inaczej Myszowór Tafa
11%
rasa świni Tamwors
11%
inaczej Bawolec rudy Kama
0%
rasa konia Mierzyn
0%
Nie znaleziono quizów pasujących do podanych kryteriów
Rozkład punktacji
Procent ludzi z każdym wynikiem
Percentyl według liczby udzielonych odpowiedzi
Twoja historia wyników
Nie rozwiązałeś tego quizu